000 00817nas a2200265 4500
001 BR0802147
003 BR-BrBNA
005 20231205111924.0
007 ta
008 230509b bl.|||p| |||| 00| 00por d
040 _aBR-BrBNA
_bpor
_cBiblioteca Nacional de Agricultura
041 _a(Pt)
072 _aL20
100 1 _aTeixeira, A.F.R.
100 1 _aOliveira, F.F. de
100 1 _aVianna, B.F.
245 1 _aUtilization of floral resources by bees of the Genus Frieseomelitta von Ilhering (Hymenoptera: Apidae)
650 _aABELHA
650 _aCOMPORTAMENTO ANIMAL
650 _aFLORAÇÃO
650 _aCAATINGA
773 0 _tNeotropical Entomology (Brazil)
_xISSN 1519-566X
_g(Sep-Oct 2007), v. 36(5) p. 675-684
_wBR0802147
909 _a202311
_bLúcia
_c55
_dLúcia Elande
942 _2AGRIS
_n0
_cANA
999 _c195146
_d195146